[Event "Pia Cramling Invitational 2018"]
[Site "Stockholm"]
[Date "2018.09.01"]
[Round "1"]
[White "Cramling, Pia"]
[Black "Skripchenko, Almira"]
[Result "1/2-1/2"]
[WhiteElo "2408"]
[BlackElo "2371"]
[Annotator "TA"]
[PlyCount "63"]
[EventDate "2018.09.01"]
[EventType "tourn"]
[EventCountry "SWE"]
[SourceTitle "playchess.com"]
[Source "ChessBase"]
[SourceQuality "1"]

{[%evp 15,63,23,40,18,18,15,20,14,22,5,26,10,10,10,6,8,14,6,15,10,8,11,11,0,13,0,29,12,22,4,16,12,15,0,14,10,32,0,0,0,0,0,0,0,0,0,0,0,0,-6]} 1. Nf3 d5 2. g3 Nf6 3. Bg2 c6 4. c4 g6 5. b3 Bg7 6. Bb2 O-O 7. O-O Bf5 8. d3 Qc8 {LiveBook: 35 Games} 9. cxd5 {A11: English Opening: 1...c6} (9. Nbd2 Bh3 10. Rc1 Bxg2 11. Kxg2 Qd7 12. e4 dxe4 13. dxe4 Rd8 14. Qe2 Qd3 15. Qxd3 Rxd3 16. e5 Ne8 17. Ne4 Na6 18. Ba3 {½-½ (29) Artemiev,V (2691)-Shirov,A (2631) Moscow 2017}) 9... cxd5 10. Nc3 $146 ({Predecessor:} 10. Nbd2 Nc6 11. Nd4 Bh3 12. Rc1 Bxg2 13. Kxg2 Nd7 14. Nxc6 bxc6 15. Bxg7 Kxg7 16. Qc2 c5 {0-1 (40) Stupavski,Z (2392)-Ljubicic,F (2480) Zadar 2007}) 10... Nc6 11. Rc1 Bh3 12. Qd2 Rd8 13. Nb5 Bxg2 14. Kxg2 Qd7 15. Nbd4 Nxd4 16. Bxd4 Ne8 17. Bxg7 Kxg7 18. Rc2 Rac8 19. Rfc1 Rxc2 20. Qxc2 Qd6 21. Qd2 a6 22. Qa5 Rd7 23. Rc8 Nc7 $1 24. a4 Ne6 25. Qc3+ f6 26. d4 (26. Nd4 {feels hotter.} Nxd4 27. Qxd4 Rd8 28. Rc1 e5 29. Qc5) 26... Rc7 {The position is equal.} 27. Rxc7 Qxc7 28. Qe3 Qd6 29. Ne1 a5 30. Nd3 b6 31. Nf4 Nxf4+ 32. gxf4 {Precision: White = 40%, Black = 53%.} 1/2-1/2

[Event "Pia Cramling Invitational 2018"]
[Site "Stockholm"]
[Date "2018.09.01"]
[Round "1"]
[White "Arakhamia-Grant, Ketevan"]
[Black "Paehtz, Elisabeth"]
[Result "0-1"]
[WhiteElo "2323"]
[BlackElo "2506"]
[Annotator "TA"]
[PlyCount "62"]
[EventDate "2018.09.01"]
[EventType "tourn"]
[EventCountry "SWE"]
[SourceTitle "playchess.com"]
[Source "ChessBase"]
[SourceQuality "1"]

{[%evp 18,62,23,9,4,0,0,0,26,-8,0,-12,7,-89,-84,-89,-91,-101,-99,-100,-99,-96,-112,-160,-127,-199,-192,-196,-181,-253,-254,-240,-229,-406,-399,-399,-402,-438,-442,-452,-459,-641,-437,-594,-659,-597,-531]} 1. e4 c5 2. Nf3 d6 3. Bb5+ Nd7 4. O-O a6 5. Bd3 Ngf6 6. c3 {B51: Sicilian: Moscow Variation (3 Bb5+) without 3...Bd7} b5 7. Bc2 Bb7 8. Re1 c4 9. a4 e6 10. d4 {LiveBook: 19 Games} cxd3 11. Bxd3 bxa4 12. Qxa4 Qc7 $146 ({Predecessor:} 12... Be7 13. h3 O-O 14. Be3 Qc7 15. Nbd2 Rfb8 16. Qa5 Bd8 17. Qxc7 Bxc7 18. b4 {½-½ (18) Nakamura,H (2785)-Vachier Lagrave,M (2796) Sharjah 2017}) 13. b4 Be7 14. Qa5 Qc8 15. Nbd2 (15. Bb2 $11) 15... Qxc3 $17 16. Ra3 Qc8 17. Bb2 O-O 18. Rc1 Qb8 19. Qg5 h6 20. Qh4 Re8 21. Qh3 (21. Qg3 $17) 21... d5 $19 22. exd5 Bxd5 23. Rxa6 (23. Raa1 {is a better defense.}) 23... Rxa6 ({But not} 23... Bxb4 24. Rxa8 Qxa8 25. Qg3 $17) ({Don't do} 23... Qxb4 24. Ba3 $17) 24. Bxa6 Qxb4 ({Resist} 24... Bxb4 25. Rc2) 25. Rb1 $2 {[#]} (25. Rc2) 25... Ba2 {[%cal Bd5a2,Ba2b1,Bb1g6][%mdl 32]} 26. Bxf6 Bxb1 27. Bd4 Bg6 {Black is clearly winning.} 28. Qg3 Bd6 29. Qg4 Nc5 30. Bc4 {[#]} Ne4 $1 {[%mdl 512]} 31. Nxe4 Qxc4 {Precision: White = 42%, Black = 76%.} 0-1

[Event "Pia Cramling Invitational 2018"]
[Site "Stockholm"]
[Date "2018.09.01"]
[Round "2"]
[White "Cramling, Pia"]
[Black "Arakhamia-Grant, Ketevan"]
[Result "1-0"]
[WhiteElo "2408"]
[BlackElo "2323"]
[Annotator "TA"]
[PlyCount "79"]
[EventDate "2018.09.01"]
[EventType "tourn"]
[EventCountry "SWE"]
[SourceTitle "playchess.com"]
[Source "ChessBase"]
[SourceQuality "1"]

{[%evp 23,79,91,78,66,72,53,152,140,137,144,157,139,162,164,164,174,164,142,139,135,132,123,235,172,202,177,177,72,71,71,71,70,93,86,94,45,46,26,68,37,186,155,298,311,311,322,308,293,878,878,872,870,870,869,863,862,844,835]} 1. Nf3 Nf6 2. c4 g6 3. Nc3 Bg7 4. e4 d6 5. d4 O-O 6. Be2 e5 7. d5 a5 8. h3 Na6 9. Bg5 Qe8 10. g4 Nc5 11. Nd2 c6 {E90: Königsindisch (Klassisches System)} (11... Bd7 12. Be3 Qe7 13. h4 c6 14. h5 Rfc8 15. g5 Ne8 16. hxg6 fxg6 17. Nb3 b6 18. Nxc5 bxc5 19. Bg4 {½-½ (59) Ibragimov,I (2548)-Maze,S (2564) Sitges 2014}) 12. Be3 Nfd7 {LiveBook: 5 Partien} 13. Qc2 Nb6 $146 {Weiß steht etwas besser.} ({Vorgänger:} 13... Qe7 14. O-O-O a4 15. h4 a3 16. b3 Na6 17. Nf1 Ndc5 18. Ng3 f5 19. gxf5 gxf5 20. Nxf5 Bxf5 21. exf5 {1-0 (33) Cramling,P (2450)-Eriksson,J (2191) Sweden 2018}) 14. Nb3 Nxb3 ({Besser ist} 14... Nca4 $14) 15. Qxb3 $16 ({Viel schwächer ist} 15. axb3 c5 $16) 15... Nd7 16. O-O-O Qe7 17. h4 Nc5 18. Bxc5 dxc5 19. d6 Qe6 20. Na4 {[#] Und weiter mit d7 wäre nett.} Rd8 21. Qb6 Qf6 {Schwarz will ...Lxg4! spielen.} 22. Kb1 ({Natürlich nicht} 22. Nxc5 $6 Bf8 $11) 22... Bd7 (22... Rxd6 $16 {war einen Versuch wert.} 23. Rxd6 Qxd6) 23. Qxc5 Bf8 24. g5 Qf4 25. Qe3 (25. f3 $18 {ist viel giftiger.}) 25... Qxe3 26. fxe3 {c5 ist eine echte Drohung.} c5 27. Nb6 $36 {[%cal Ba4b6,Bb6d5,Bd5f6][%mdl 2080] Weiss steht aktiver.} Ra6 28. Nd5 Rxd6 29. Nf6+ Kg7 $1 30. h5 {zielt auf hxg6 ab.} Bc6 31. hxg6 Kxg6 ({Lieber} 31... Rxd1+ $14 32. Bxd1 Kxg6) 32. Rdg1 Rxf6 (32... h6 $16 33. Bh5+ Kg7) 33. Bh5+ $18 ({Nicht} 33. gxf6+ Kxf6 34. Bf3 h6 $16) 33... Kg7 34. gxf6+ Kxf6 35. Rf1+ Ke7 $2 (35... Kg7) 36. Rxf7+ {Weiß steht klar auf Gewinn.} Ke6 37. Rhf1 {[%csl Gf7][%cal Rf1f6] [#]} Bxe4+ 38. Kc1 {[%csl Gf7][%cal Rf1f6]} Be7 39. Bg4+ Kd6 40. Rd1+ {Precision: Weiß = 74%, Schwarz = 35%.} 1-0

[Event "Pia Cramling Invitational 2018"]
[Site "Stockholm"]
[Date "2018.09.01"]
[Round "2"]
[White "Skripchenko, Almira"]
[Black "Paehtz, Elisabeth"]
[Result "0-1"]
[WhiteElo "2371"]
[BlackElo "2506"]
[Annotator "TA"]
[PlyCount "102"]
[EventDate "2018.09.01"]
[EventType "tourn"]
[EventCountry "SWE"]
[SourceTitle "playchess.com"]
[Source "ChessBase"]
[SourceQuality "1"]

{[%evp 16,102,58,23,39,25,13,7,2,0,7,0,16,-62,-41,-44,-40,-63,-39,-40,-47,-59,-50,-50,-52,-63,-66,-105,-100,-111,-105,-143,-143,-143,-131,-138,-137,-286,-276,-272,-266,-312,-287,-299,-207,-311,-333,-325,-315,-309,-302,-284,-211,-338,-344,-412,-355,-331,-351,-347,-343,-329,-327,-311,-308,-347,-346,-406,-401,-438,-357,-336,-308,-364,-275,-343,-346,-443,-440,-415,-399,-1152,-1058,-2194,-1898,-5081,-1332,-2252,-1869]} 1. e4 c5 2. Nf3 d6 3. Bb5+ Nd7 4. d4 Ngf6 5. O-O a6 6. Bxd7+ Nxd7 7. Nc3 cxd4 8. Qxd4 e6 {B51: Sicilian: Moscow Variation (3 Bb5+) without 3...Bd7} 9. a4 {LiveBook: 4 Games} (9. Rd1 Qb6 {½-½ (9) Hracek,Z (2625)-Nevednichy,V (2580) Golden Sands 2013}) 9... Qc7 10. Rd1 {Black must now prevent Bf4.} Ne5 {White has an edge.} 11. Bf4 {[%cal Rf3e5]} f6 $1 12. Nd2 $146 ({Predecessor:} 12. Bg3 g5 13. Nd2 Bd7 14. Nf1 h5 15. h4 Rc8 16. hxg5 fxg5 {0-1 (35) Vajda,A (2477)-Lupulescu,C (2499) Bucharest 2003}) 12... Bd7 13. Be3 g5 14. Qb6 ({White should try} 14. Qb4 $11) 14... Qxb6 $1 $15 15. Bxb6 Rc8 16. a5 Be7 17. f3 Kf7 18. Rac1 Rhg8 19. Kf2 Bc6 20. Ne2 d5 21. Nd4 dxe4 22. Nxc6 Rxc6 23. Nxe4 Rgc8 24. c3 f5 25. Bd4 Nc4 26. Ng3 (26. b3 $17 {is the only way for White.}) 26... Nxb2 $19 27. Rd2 Nc4 28. Re2 Nxa5 29. Rce1 Bf6 30. h4 (30. Bxf6 $142 Kxf6 31. Nh5+ Kf7 32. g4) 30... Bxd4+ 31. cxd4 gxh4 32. Nh5 Rc2 33. Nf4 R8c6 34. Rxc2 (34. Rh1 {was worth a try.}) 34... Rxc2+ {[%mdl 4096] Endgame KRN-KRN} 35. Kf1 Rc6 36. d5 exd5 37. Nxd5 Re6 38. Rc1 Nc6 39. Rb1 Nd8 40. Rc1 Rc6 41. Re1 {and the idea Re7+ leaves White hopeful.} Ne6 42. Re5 Rc1+ 43. Kf2 Rc2+ 44. Kf1 f4 45. Rf5+ Kg7 46. Nxf4 Nxf4 47. Rxf4 {KR-KR} b5 48. Rxh4 $2 {[#]} (48. Rg4+ Kh8 49. Ke1) 48... a5 {[%cal Ba6a5,Ba5a4][%mdl 32] Black is clearly winning.} 49. Ke1 Rxg2 50. Rh5 Rb2 (50... a4 $142 51. Rxb5 a3 52. Rb7+ Kh6) 51. Kd1 a4 {Precision: White = 27%, Black = 84%.} 0-1

[Event "Pia Cramling Invitational 2018"]
[Site "Stockholm"]
[Date "2018.09.01"]
[Round "3"]
[White "Paehtz, Elisabeth"]
[Black "Cramling, Pia"]
[Result "1/2-1/2"]
[WhiteElo "2506"]
[BlackElo "2408"]
[Annotator "TA"]
[PlyCount "144"]
[EventDate "2018.09.01"]
[EventType "tourn"]
[EventCountry "SWE"]
[SourceTitle "playchess.com"]
[Source "ChessBase"]
[SourceQuality "1"]

{[%evp 13,144,12,24,24,23,17,21,17,28,6,42,0,0,0,0,-10,0,0,0,0,7,6,18,7,14,-8,-8,-7,-1,-5,0,0,17,20,20,19,22,0,20,0,13,9,19,-16,0,0,0,-26,0,0,0,0,0,0,0,0,0,0,0,0,0,-33,0,0,8,18,22,20,48,12,7,-10,-2,-46,-43,-38,41,44,69,69,116,107,100,102,120,101,143,93,93,93,93,86,93,0,0,0,0,0,0,0,0,0,0,0,0,-101,-101,-101,-92,-101,-101,-101,-92,-101,-101,-101,-101,-101,-101,-101,-101,-101,-101,-101,-101,-101,-101,-101,-101,-101,-101,-101,-101]} 1. d4 Nf6 2. Nf3 d5 3. Bf4 c5 4. e3 Nc6 5. Nbd2 (5. c3 e6 6. Nbd2 Bd6 7. dxc5 Bxc5 8. Bd3 h6 9. Qe2 Nh5 10. Bg3 Nxg3 11. hxg3 Bd7 12. e4 dxe4 13. Nxe4 Be7 14. g4 Qc7 15. g5 O-O-O 16. gxh6 gxh6 {½-½ (101) Mamedyarov,S (2809)-Nakamura,H (2787) Moscow 2018}) 5... cxd4 6. exd4 {D02: 1 d4 d5 2 Nf3 sidelines, including 2...Nf6 3 g3 and 2...Nf6 3 Bf4} Bf5 7. c3 a6 {LiveBook: 13 Games} 8. Nh4 {White has an edge.} Bg4 9. Qb3 $146 ({Predecessor:} 9. Be2 Bxe2 10. Qxe2 e6 11. g4 Be7 12. g5 Ne4 13. Nxe4 dxe4 14. Qxe4 Bxg5 15. Bxg5 Qxg5 {½-½ (46) Nevednichy,V (2547)-Kanmazalp,O (2439) Izmir 2017}) 9... Na5 10. Qc2 e6 11. Bd3 Bd6 12. Bg5 h6 13. Be3 Nd7 14. Nhf3 O-O 15. h3 $1 {[%cal Rh3g4]} Bxf3 $1 16. Nxf3 Rc8 17. O-O b5 18. Qe2 Nc4 19. Rad1 Nxe3 20. Qxe3 Qf6 21. Rfe1 Qf4 22. Qe2 Rb8 23. g3 Qf6 24. Kg2 Rfc8 25. Bb1 Qe7 26. Qd3 {White threatens Qh7+ and mate.} Nf8 27. a3 a5 28. b4 Qc7 29. Re3 Rb6 30. Nd2 (30. Qe2 {seems wilder.} Qa7 31. Bd3 Rbc6 32. Qe1 Qb6 33. Rb1) 30... Rc6 {[%cal Rc6c3]} (30... axb4 {looks sharper.} 31. cxb4 Ra8 32. Qe2 Rba6 33. Nb3 Rxa3 34. Nc5 Qa7) 31. Qxb5 Rxc3 32. Rxc3 Qxc3 33. Qxa5 Qxd4 34. Qa6 Rd8 35. Bd3 {Threatens to win with Nc4!} Qc3 36. Nb1 Qc7 37. Rd2 Qc1 38. Qa4 Be7 39. Qc2 Rc8 40. Qxc1 Rxc1 41. Rb2 Nd7 42. a4 {[%cal Ba3a4,Ba4a5,Ba5a6][%mdl 32]} Ne5 43. Bf1 Nc4 44. Rb3 e5 (44... Bf6 $15) 45. a5 $14 Bd8 46. Be2 e4 47. Nc3 Nd2 {[#] Hoping for ...d4.} 48. Ra3 $1 d4 49. a6 Bb6 50. Nd5 ({Don't play} 50. a7 $6 Bxa7 51. Nxe4 Nxe4 $11) 50... Ba7 {[#]} 51. b5 $1 {[%cal Rb5b6]} d3 {[#]} 52. Bxd3 $1 {[%mdl 512]} exd3 53. b6 (53. Rxd3 $16 Nc4 54. Ne7+ Kh7 55. Nc8) 53... Bxb6 $1 $11 {aiming for ...Bc5.} 54. Nxb6 Nf3 $1 55. Kxf3 {[%mdl 4096] Endgame KRN-KR} d2 56. Rd3 Rc3 $1 {[%cal Rc3d3]} 57. Rxc3 {Intending Rd3 and mate.} d1=Q+ {KQ-KRN} 58. Kg2 Qa1 59. Nd5 (59. Rc8+ $11 {was the only way to keep the balance.} Kh7 60. Nd7 (60. Ra8 Qa5 $17)) 59... Qxa6 $17 {Black is better.} 60. Ne3 Qe6 61. Rc4 h5 62. h4 g6 63. Rf4 Kg7 64. Kh2 Qc6 65. Kg1 Qb7 66. Kh2 Qb2 67. Kg2 Qe2 68. Kh2 Qd2 69. Kg2 Qa2 70. Kg1 Qa5 71. Kg2 Qb5 72. Kg1 Qe5 {Precision: White = 56%, Black = 55%.} 1/2-1/2

[Event "Pia Cramling Invitational 2018"]
[Site "Stockholm"]
[Date "2018.09.01"]
[Round "3"]
[White "Arakhamia-Grant, Ketevan"]
[Black "Skripchenko, Almira"]
[Result "1/2-1/2"]
[WhiteElo "2323"]
[BlackElo "2371"]
[Annotator "NA"]
[PlyCount "108"]
[EventDate "2018.09.01"]
[EventType "tourn"]
[EventCountry "SWE"]
[SourceTitle "playchess.com"]
[Source "ChessBase"]
[SourceQuality "1"]
[TimeControl "1800+10"]

1. e4 {[%emt 0:00:00]} e5 {[%emt 0:00:00]} 2. Nf3 {[%emt 0:00:00]} Nc6 {[%emt 0:00:01]} 3. Bc4 {[%emt 0:00:37]} Nf6 {[%emt 0:00:14]} 4. d3 {[%emt 0:00:13]} Be7 {[%emt 0:00:10]} 5. c3 {[%emt 0:00:41]} O-O {[%emt 0:00:37]} 6. O-O {[%emt 0:00:05]} d6 {[%emt 0:01:02]} 7. Re1 {[%emt 0:00:41]} Na5 {[%emt 0:03:19]} 8. Bb5 {[%emt 0:00:04]} a6 {[%emt 0:00:02]} 9. Ba4 {[%emt 0:00:03]} b5 {[%emt 0:00:08]} 10. Bc2 {[%emt 0:00:02]} c5 {[%emt 0:00:02]} 11. Nbd2 {[%emt 0:01:03]} Re8 {[%emt 0:00:29]} 12. Nf1 {[%emt 0:00:29]} Bf8 {[%emt 0:00:14]} 13. Bg5 {[%emt 0:01:45]} h6 {[%emt 0:00:11]} 14. Bh4 {[%emt 0:00:59]} g5 {[%emt 0:03:05] C90: Closed Ruy Lopez with 7...d6: Early deviations} (14... Be7 15. Ne3 Be6 16. d4 Ng4 17. Bxe7 Rxe7 18. dxc5 Nxe3 19. fxe3 dxc5 20. Nxe5 Qc7 21. Nd3 Rd8 22. Qh5 Bc4 {½-½ (51) Motylev,A (2659)-Oparin,G (2587) Yaroslavl 2018}) 15. Bg3 {[%emt 0:00:06]} Nh5 {[%emt 0:00:03]} 16. Ne3 {[%emt 0:07:58]} Nf4 {[%emt 0:00:20]} 17. d4 {[%emt 0:01:08]} Nc6 {[%emt 0:01:40]} 18. a4 $146 {[%emt 0:06:44]} ({Predecessor:} 18. dxc5 dxc5 19. Qxd8 Rxd8 20. h4 f6 21. hxg5 hxg5 22. Bxf4 gxf4 23. Nd5 Kf7 24. a4 Bg4 25. axb5 axb5 26. Nh2 Be6 27. Rxa8 Rxa8 28. Nc7 Rb8 {½-½ (28) Larrain Cadaiz,E-Beni,A Leipzig 1960}) 18... Rb8 {[%emt 0:00:28]} 19. axb5 {[%emt 0:00:06]} axb5 {[%emt 0:00:02]} 20. dxe5 {[%emt 0:02:23]} dxe5 {[%emt 0:00:07]} 21. Qxd8 {[%emt 0:00:42]} Rxd8 {[%emt 0:01:40]} 22. Nd5 {[%emt 0:00:16]} Kg7 {[%emt 0:05:32]} 23. h4 {[%emt 0:00:36]} f6 $1 {[%emt 0:00:01]} 24. Bxf4 {[%emt 0:04:21]} exf4 {[%emt 0:00:25]} 25. Nd2 {[%emt 0:02:51]} Bd6 {[%emt 0:03:59]} 26. Bd1 $11 {[%emt 0:00:16]} Be5 {[%emt 0:05:45]} 27. Be2 {[%emt 0:00:04]} c4 {[%emt 0:00:30]} 28. Nf3 {[%emt 0:00:03]} Be6 {[%emt 0:00:15]} 29. Ra6 {[%emt 0:00:08]} Bd7 {[%emt 0:03:26]} 30. Rd1 {[%emt 0:00:02]} Be8 {[%emt 0:00:25]} 31. Nxe5 {[%emt 0:00:15]} fxe5 {[%emt 0:00:02]} 32. hxg5 {[%emt 0:00:04]} hxg5 {[%emt 0:00:02]} 33. Bg4 {[%emt 0:00:04]} Rb7 {[%emt 0:00:45]} 34. Rda1 {[%emt 0:00:26]} Rdb8 {[%emt 0:00:11]} 35. Bf5 {[%emt 0:00:17]} Ne7 {[%emt 0:00:21]} 36. Be6 {[%emt 0:00:09]} Nc6 {[%emt 0:00:03]} 37. f3 {[%emt 0:00:06]} b4 {[%emt 0:00:16]} 38. Kh2 {[%emt 0:00:15]} bxc3 {[%emt 0:00:11]} 39. bxc3 {[%emt 0:00:02]} Nd8 {[%emt 0:00:08]} 40. Bf5 {[%emt 0:00:09]} Bf7 {[%emt 0:00:03]} 41. Kh3 {[%emt 0:00:20]} Rb2 {[%emt 0:00:13]} 42. Ra7 {[%emt 0:00:09]} R8b7 {[%emt 0:00:19]} 43. Rxb7 {[%emt 0:00:13]} Rxb7 {[%emt 0:00:03]} 44. Ra4 {[%emt 0:00:05]} Nc6 {[%emt 0:00:18]} 45. Rxc4 {[%emt 0:00:18]} Ne7 {[%emt 0:00:00]} 46. Bc8 {[%emt 0:00:09]} Rb8 {[%emt 0:00:21]} 47. Bd7 {[%emt 0:00:12]} Nxd5 {[%emt 0:00:05]} 48. exd5 {[%emt 0:00:02]} Rd8 {[%emt 0:00:15]} 49. Be6 Bxe6+ {[%emt 0:00:01]} 50. dxe6 {[%emt 0:00:03]} Kf6 {[%emt 0:00:01]} 51. Rc6 {[%emt 0:00:03]} Rd2 {[%emt 0:00:04]} 52. e7+ {[%emt 0:00:27]} Kxe7 {[%emt 0:00:02]} 53. Rg6 {[%emt 0:00:01]} Rc2 {[%emt 0:00:03]} 54. Rxg5 {[%emt 0:00:05]} Kf6 1/2-1/2

[Event "Pia Cramling Invitational 2018"]
[Site "Stockholm"]
[Date "2018.09.02"]
[Round "4"]
[White "Paehtz, Elisabeth"]
[Black "Arakhamia-Grant, Ketevan"]
[Result "1-0"]
[WhiteElo "2506"]
[BlackElo "2323"]
[Annotator "TA"]
[PlyCount "81"]
[EventDate "2018.09.01"]
[EventType "tourn"]
[EventCountry "SWE"]
[SourceTitle "playchess.com"]
[Source "ChessBase"]
[SourceQuality "1"]

{[%evp 16,81,41,29,61,61,64,58,71,69,70,68,57,73,65,62,73,50,56,34,31,37,51,0,0,-16,0,-6,81,20,54,27,21,-17,0,0,0,0,0,0,0,0,0,0,0,0,0,-120,-14,-743,-727,-723,-136,-113,-119,-118,8,8,299,294,596,581,576,569,608,608,950,830]} 1. d4 Nf6 2. Nf3 g6 3. g3 Bg7 4. Bg2 O-O 5. O-O d6 6. c4 Nc6 7. Nc3 Bf5 8. Nh4 Bd7 9. f4 {LiveBook: 13 Games. E62: King's Indian: Fianchetto: 6...c6 and Panno Variation (6...Nc6) without ...a6} e5 (9... Na5 10. b3 c5 11. dxc5 dxc5 12. Bd2 Bc6 13. Nd5 Nxd5 14. cxd5 Bb5 15. Rc1 Rc8 16. Bc3 Qb6 17. Bxg7 Kxg7 {1-0 (52) Gajewski,G (2628)-Fedorov,A (2598) Khanty-Mansiysk 2017 CBM 179 [Krasenkow,M]}) 10. fxe5 dxe5 11. d5 {White is slightly better.} Nd4 12. e3 Bg4 $146 ({Predecessor:} 12... Nf5 13. Nxf5 Bxf5 14. e4 Bd7 15. Bg5 h6 16. Be3 b6 {1-0 (45) Dolezal,R (2374)-Sergienko,V (2191) Olomouc 2012}) 13. Qd2 Nf5 14. Nxf5 Bxf5 15. e4 Bd7 16. Qd3 Qe7 17. Kh1 {[#] aiming for Bg5.} Ne8 18. Be3 b6 19. c5 (19. Rac1 $14) 19... bxc5 $11 20. Qc4 Nd6 21. Qxc5 f5 (21... a5 $11) 22. Rac1 (22. Qxc7 $16 {Hoping for Bc5.} Rfc8 23. Bg5 Rxc7 24. Bxe7) 22... a5 23. b3 a4 24. b4 a3 25. Nb1 Bb5 {And now ...f4 would win.} 26. Rf2 Rf7 27. Nd2 Bd3 {[%cal Rf5e4]} 28. exf5 gxf5 29. Qc6 Ra6 30. Qc3 e4 31. Qc5 (31. Qb3 $1 $11 {was the only way to keep the balance.}) 31... Qe5 (31... Bb2 $17 {Threatens to win with ...Qd8.} 32. Rd1 Qf6) 32. Nb3 $2 {[%mdl 8192] [#]} (32. Bf4 $11 Qe8 33. Bf1) 32... Nb7 $1 $19 33. Qd4 Qe7 $2 (33... Qe8 $19 34. Qxg7+ Kxg7) 34. d6 $17 Qxd6 35. Qxd6 Nxd6 ({Black should play} 35... Rxd6 $17 36. Bf1 Bb2) 36. Nc5 $11 Rb6 $2 {[%mdl 8192]} (36... Nc4 $11 37. Nxa6 Nxe3) 37. Nxd3 $18 exd3 $2 (37... Rb5 38. Nf4 Rxb4) 38. Bxb6 {White is clearly winning.} cxb6 39. Bd5 Bd4 40. Rf3 Ne4 41. Rxf5 {Precision: White = 54%, Black = 32%.} 1-0

[Event "Pia Cramling Invitational 2018"]
[Site "Stockholm"]
[Date "2018.09.02"]
[Round "4"]
[White "Skripchenko, Almira"]
[Black "Cramling, Pia"]
[Result "1/2-1/2"]
[WhiteElo "2371"]
[BlackElo "2408"]
[Annotator "TA"]
[PlyCount "74"]
[EventDate "2018.09.01"]
[EventType "tourn"]
[EventCountry "SWE"]
[SourceTitle "playchess.com"]
[Source "ChessBase"]
[SourceQuality "1"]

{[%evp 19,74,39,45,-53,22,24,13,12,8,14,41,0,0,0,-23,-18,-25,-27,-11,-6,10,0,22,-22,47,-8,0,0,17,14,0,0,20,23,21,0,0,0,0,0,0,0,0,0,6,-16,0,0,0,0,0,0,0,0,0,0,0]} 1. e4 c5 2. Nf3 Nc6 3. Bb5 d6 4. Bxc6+ bxc6 5. O-O Bg4 6. Re1 {B51: Sicilian: Moscow Variation (3 Bb5+) without 3...Bd7} e5 7. h3 Bh5 8. c3 Nf6 9. d4 cxd4 10. cxd4 Nd7 {LiveBook: 15 Games} 11. Qd3 $146 (11. Nbd2 $14) ({Predecessor:} 11. dxe5 Nxe5 12. g4 Nxf3+ 13. Qxf3 Bg6 14. Nc3 {½-½ (51) Campora,D (2450)-Perunovic,M (2604) Lisbon 2017}) 11... Be7 ({Better is} 11... Bxf3 $1 $15 12. Qxf3 exd4) 12. Nbd2 $11 O-O 13. dxe5 dxe5 14. Nc4 f6 15. Nh4 Nc5 16. Qg3 Ne6 {aiming for ...Bb4.} 17. Nf5 Bb4 18. Bh6 {[%cal Rf5g7]} ({Avoid the trap} 18. Nxg7 $2 Nxg7 19. Bh6 Rf7 $19) 18... Qc7 19. Rec1 Bg6 20. Be3 Rfd8 21. a3 Bc5 (21... Bf8 $11) 22. b4 (22. Bxc5 $14 Nxc5 23. Nxe5 Nxe4 24. Qb3+ Kh8 25. Nxg6+ hxg6 26. Nh4) 22... Bxe3 23. Qxe3 Bxf5 24. exf5 Nd4 25. Na5 Qd7 26. Rc5 h5 27. Rac1 {The position is equal.} Qxf5 28. Nxc6 Nxc6 29. Qb3+ Kh7 {[#] Strongly threatening ...Rd3.} 30. Rxc6 Rd2 31. Rf1 Rd3 32. Rc3 (32. Qa4 {feels hotter.} Rd7 33. Ra6 Qd3 34. Rc1 Kh6 35. Re1) 32... Rad8 33. Rxd3 Rxd3 34. Qa4 Rd7 35. Qc6 Rd3 36. Qa4 Rd7 37. Qc6 Rd3 {Precision: White = 61%, Black = 43%.} 1/2-1/2